| 000 | 00780cam a22002653a 4500 | ||
|---|---|---|---|
| 001 | 3482 | ||
| 003 | PGUSA | ||
| 005 | 20140828083033.0 | ||
| 008 | 021001s2002||||xxu|||||s|||||000 | eng d | ||
| 040 |
_aPGUSA _beng |
||
| 042 | _adc | ||
| 050 | 4 | _aG | |
| 100 | 1 |
_aHakluyt, Richard, _d-1616 |
|
| 245 | 1 | 0 |
_aVoyages in Search of the North-West Passage _h[electronic resource] / _cRichard Hakluyt |
| 260 |
_bProject Gutenberg, _c2002 |
||
| 506 | _aPublic domain in the USA. | ||
| 516 | _aElectronic text | ||
| 653 | _aVoyages and travels | ||
| 653 | _aNorthwest Passage | ||
| 653 | _aArctic regions -- Discovery and exploration | ||
| 700 | 1 |
_aMorley, Henry, _d1822-1894 |
|
| 830 | 0 |
_aProject Gutenberg _v3482 |
|
| 856 | 4 | 0 | _uhttp://www.gutenberg.org/ebooks/3482 |
| 942 | _cEB | ||
| 999 |
_c232811 _d232811 |
||